Sarius x Gibbs - Wszystko co złe - Statystyki

Ogólne statystyki
  • Ten quiz został rozwiązany 25 razy
  • Średni wynik to 9 z 10
Statystyki odpowiedzi
Numer Tytuł Gość % Poprawnych
1 Dobry chłopak Szpaku
100%
10 Wiking
95%
2 Wszystko co złe
91%
4 Gadaj do rzeczy Gedz
86%
6 Definicja
82%
3 Dziecko wojny
82%
8 Kurtyna
82%
7 Powiedział mi ktoś
82%
9 Zasięg
82%
5 Wspaniały i wielki
68%
Nie znaleziono quizów pasujących do podanych kryteriów
Rozkład punktacji
Procent ludzi z każdym wynikiem
Percentyl według liczby udzielonych odpowiedzi
Twoja historia wyników
Nie rozwiązałeś tego quizu